As Aventuras do Rei Artur (Registo nº 198451)

Detalhes MARC
000 -Etiqueta do registo
Valores 00640nam 22002053 4500
010 ## - Número ISBN
ISBN 972-9310-86-6
021 ## - Número do Depósito Legal
Número 53246/92
100 ## - Dados gerais de processamento
Dados gerais 20251016d u||y0pory50 ba
200 ## - Titulo e menção de responsabilidade
Título próprio As Aventuras do Rei Artur
Primeira menção de responsabilidade Angela Wilkes
Outras menções de responsabilidade ilustrado por Peter Dennis
-- traduzido por José Reis
210 ## - Publicação
Local de publicação Mem Martins
Nome do editor Resomnia Editores
Data de publicação 1992
215 ## - Descrição física 
Paginação / Volumes 31, [3] p.
Outras indicações físicas encadernado
Dimensões 21 cm
225 ## - Colecção 
Título próprio da colecção Histórias e Lendas Infantis
606 ## - Nome comum usado como assunto
ID Autoridade 52
Palavra de ordem Literatura Juvenil Inglesa
675 ## - CDU
Notação 821.111-93
Edição PT
Língua por
700 ## - Autor principal (pessoa individual)
ID Autoridade 6261
Apelido Wilkes
Nome Angela
Datas 1952-
801 ## - Fonte de origem
País PT
Agência BMMN
Regras de catalogação RPC
830 ## - Notas gerais do catalogador
Criado por Ana Caetano
990 ## - Elementos KOHA
Tipo de documento Livro
Exemplares
Situação do levantamento Biblioteca de origem Código de barras Cota Permissão de empréstimo Tipo de documento Forma de aquisição
  Biblioteca Escola São João de Deus 26759 821.111-93 WIL   Livro Oferta

Powered by Koha